01298nam a2200277Ia 4500001000700000003000500007008004100012010001100053020002200064040000900086082001600095245018400111260012100295300001100416500018900427503005900616504003800675650004300713650004400756650003800800650003700838700003200875700004200907700003300949700003800982Z_6479CHAP220113s2008 xx 000 0 und d a169745 a978-980-6863-05-7 cCHAP a636.088 D47 aDesarrollo sostenible de la ganadería doble propósito /ceditores Carlos González Stagnaro, Ninoska Madrid Bury y Eleazar Soto Belloso; prólogo Lucía Pearson de Vaccaro aVenezuela :bFundación GIRARZ (Grupo de Investigadores de la Reproducción Animal en la Región Zuliana),c2008 a941 p. aPresentado con motivo de la realización del "IV Curso Internacional de Ganadería Doble Propósito, en la Ciudad de Maracaibo (estado de Zulia, Venezuela), del 1° de mayo de 2008" aej.1: donación del M.C. Hermilo Suárez Domínguez aIncluye bibliografía e índice aGanadería xx Aspectos económicos aGanadería xx Política y programas aGanado de carne xx Producción aGanado lechero xx Producción a Madrid Bury, Ninoska, ed.  a Pearson de Vaccaro, Lucía, pról. a Soto Belloso, Eleazar, ed.  aGonzález Stagnaro, Carlos, ed.